000 00547nam a2200193Ia 4500
005 20250326142217.0
008 250326s9999 xx 000 0 und d
020 _a0-675-20333-3
037 _aTextbook
040 _aFMSL
_beng
_cFMSL
041 _aeng
_2eng
084 _aX:74obB28 M6
_qFMSL
100 _aHanke J E
_9742016
245 0 _aFundamentals of business statistics
_cHanke J E; Reitsch A G
260 _aLondon
_bLondon, Merrill
_c1986
300 _a383p
942 _cTB
_hX:74obB28 M6
999 _c1293947
_d1293947